Southville International School and Colleges
Your cart is empty.
  • Cart
  • Lists
    Public lists Eva Luna New books Lux_list list_1
    Your lists Log in to create your own lists
  • Log in to your account
  • Your cookies
  • Search history
Southville International School and Colleges
  • Advanced search
  • Recent comments
  • Most popular
  • Libraries

Log in to your account

Log in with GOOGLE


If you do not have an external account, but do have a local account, you can still log in:

  1. Home
  2. MARC view: A wizard came to visit /
Normal view MARC view ISBD view

A wizard came to visit / (Record no. 111848)

[ view plain ]
MARC details
000 -LEADER
fixed length control field 00554nam a2200193 a 4500
001 - CONTROL NUMBER
control field 1310
005 - DATE AND TIME OF LATEST TRANSACTION
control field 20140414131923.0
008 - FIXED-LENGTH DATA ELEMENTS--GENERAL INFORMATION
fixed length control field 020412s19uu xx 00 eng d
020 ## - INTERNATIONAL STANDARD BOOK NUMBER
International Standard Book Number 962-291-069-6
050 ## - LIBRARY OF CONGRESS CALL NUMBER
Classification number ER
Item number W63 1991
100 ## - MAIN ENTRY--PERSONAL NAME
Personal name Vickers, Kath
245 ## - TITLE STATEMENT
Title A wizard came to visit /
Statement of responsibility, etc story by Kath Vickers ; illustrations by Susan Moxley.
260 ## - PUBLICATION, DISTRIBUTION, ETC. (IMPRINT)
Place of publication, distribution, etc Hong Kong :
Name of publisher, distributor, etc Applecross,
Date of publication, distribution, etc 1991.
300 ## - PHYSICAL DESCRIPTION
Extent 24 p. : ill. ; cm.
440 ## - SERIES STATEMENT/ADDED ENTRY--TITLE
Title Sunshine books
650 ## - SUBJECT ADDED ENTRY--TOPICAL TERM
Topical term or geographic name as entry element Wizard
General subdivision Fiction.
650 ## - SUBJECT ADDED ENTRY--TOPICAL TERM
Topical term or geographic name as entry element Children stories
General subdivision Fiction.
Holdings
Withdrawn status Lost status Damaged status Use restrictions Home library Current library Shelving location Date acquired Source of acquisition Total Checkouts Full call number Barcode Date last seen Price effective from Koha item type
        Munich Library Munich Library Easy Reading Section 12/20/2004     ER W63 1991 M2753 04/14/2014 04/14/2014 Books

A wizard came to visit /

APA

Vickers K., . (1991). A wizard came to visit. Hong Kong: Applecross.

Chicago

Vickers Kath, . 1991. A wizard came to visit. Hong Kong: Applecross.

Harvard

Vickers K., . (1991). A wizard came to visit. Hong Kong: Applecross.

MLA

Vickers Kath, . A wizard came to visit. Hong Kong: Applecross. 1991.

  • Place hold
  • Print
  • Cite
  • Add to your cart (remove)
  • Save record
    BIBTEX Dublin Core MARCXML MARC (non-Unicode/MARC-8) MARC (Unicode/UTF-8) MARC (Unicode/UTF-8, Standard) MODS (XML) RIS
  • More searches
    Search for this title in:
    Other Libraries (WorldCat) Other Databases (Google Scholar) Online Stores (Bookfinder.com) Open Library (openlibrary.org)

Exporting to Dublin Core...

SOUTHVILLE LIBRARY

Southville International School and Colleges Library

1281 Tropical Ave. Cor. Luxembourg St., BF Homes International, Las Pinas City

Tel. No. 8256374 / 252358 Loc. 117/146

Powered by Koha